000 01457nam0a22003251 4500
001 rc\2326000
005 20211220141125.0
035 _a(NLR Aleph) 006581159
090 _a7047125
_c7047125
100 _a20110829d1977 |||y0rusy50 ca
101 0 _arus
102 _aRU
105 _aa j |||||
200 1 _aМорская практика подводных лодок
_e[Учебник для личного состава подводных лодок ВМФ]
_fПод общ. ред. вице-адм. Баранова Н.М.
_gМ-во обороны СССР
210 _aМосква
_cВоениздат
_d1977
215 _a510 с.
_cил.
_d20
300 _aНа обороте тит. л. авт.: доц. контр.-адм. Ю.С. Руссин, доц. кап. I ранга - инж. Е.Р. Сергеев, доц. канд. воен.-мор. наук кап. I ранга Ж.М. Свербилов, кап. I ранга Ю.И. Черненко
701 1 _aСергеев
_bЕ. Р.
701 1 _aСвербилов
_bЖ. М.
701 1 _aЧерненко
_bЮ. И.
701 1 _aРуссин
_bЮ. С.
_f1919-1997
_gЮрий Сергеевич
702 1 _aБаранов
_bН. М.
_4340
712 0 1 _aСССР
_bМ-во обороны
_3RU\NLR\AUTH\8810008888
801 0 _aRU
_bNLR
_gpsbo
801 1 _aRU
_bELAR
_2rusmarc
852 _aNLR
_j77-3/12695
899 _aRuMoRGB
_jВО 680/275
942 _cBOOK
980 _aNB